000 00914nam a22002777a 4500
001 9167
003 FISKH
005 20251126125159.0
008 251126b cb ||||| |||| 00| 0 eng d
020 _a9780545331203
040 _aFISKH
_beng
_cFISKH
_dFISKH
050 _aPZ7.B275677 S
082 _a813.6
100 _aBarrow, Randi
_eAuthor
245 _aSaving Zasha /
_cRandi Barrow
260 _aNew York :
_bScholastic Press ,
_c2011
300 _a229 pages :
_c20 cm
505 _aR
520 _aIn 1945 Russia, those who own German shepherds are considered traitors, but thirteen-year-old Mikhail and his family are determined to keep the dog a dying man brought them, while his classmate Katia strives to learn his secret.
521 8 _a670
_bLexile
521 8 _aR
_bRaz-Plus
650 _aAnimal
_vDog
650 _aRealistic fiction
_vRussia
942 _2ddc
_cBK
_n0
999 _c9167
_d9167